000 00608nam a2200193Ia 4500
003 GCL
008 140319s9999 xx 000 0 ara d
040 _aGCL /
_cGCL
082 0 4 _aد
_b050
100 1 _aعلى الجارم
245 1 0 _aسيدة القصور اخر ايام الفاطمية بمصر ( اقرا 19 ) /
_cعلى الجارم
300 _a155 ص
490 _aاقرأ
_v0
650 0 4 _aالادب العربى
650 0 4 _aالدولة الفاطمية
650 0 4 _aالفاطميون
650 0 4 _aمصر - تاريخ - العصر الفاطمى ( 969-1171 م )
942 _2ddc
_cBK
999 _c49933
_d49933